000 00622nam a2200229Ia 4500
003 OSt
005 20220918205942.0
006 a|||||r|||| 00| 0
007 ta
008 220917b |||||||| |||| 00| 0 eng d
024 _a118,490
037 _cTextual
040 _aARTS
_cARTS
_beng
041 _2eng
_aeng
082 _aV73L:19z7, L6
100 _aWhitson William W ed
_9116633
245 0 _aForeign policy and U S National security
_b major post election issues
260 _c1976
650 _aHISTORY
942 _hV73L:19z7, L6
_cTEXL
_2CC
999 _c241759
_d241759